000 00667nam a2200253Ia 4500
008 170203s9999 xx 000 0 und d
020 _a2894295421
050 _aFic
050 _bD132
100 _aBryant, Robyn.
245 _aDaisy can't sleep /
245 _ctext by Robyn Bryant ; illustrated by Francois Ruyer.
260 _aMontreal, Canada :
260 _bTormont Publications,
260 _c©1994.
300 _a1 volume (unpaged) :
300 _bcolor illustrations ;
300 _c16 cm
650 _aCows --
650 _aSleep --
650 _xJuvenile fiction.
650 _xJuvenile fiction.
700 _aRuyer, Francois.
999 _c306661
_d306661